| 000 | 00772nam a2200217Ii 4500 | ||
|---|---|---|---|
| 003 | JO-AjNU | ||
| 008 | 230605s9999||||xx |||||||||||||| ||und|| | ||
| 017 | _a2000/8/2362 | ||
| 040 |
_aJO-AjNU _bara _erda _cJO-AjNU |
||
| 041 | _aara | ||
| 050 | 1 | 4 | _aHJ9741.A7.H54 2000 |
| 100 | 3 |
_aتاليف حجازي، محمد احمد, _eauthor _945720 |
|
| 245 | 0 | 0 | _aالمحاسبة الحكومية والادارة المالية العامة |
| 250 | _aط5 مزيدة ومنقحة | ||
| 264 | 3 | 1 | _aعمان: المؤلف، 2000 |
| 300 |
_a459ص _bيحتوي على ببلوغرافية من 447-459ص |
||
| 336 |
_atext _btxt _2rdacontent |
||
| 337 |
_aunmediated _bn _2rdamedia |
||
| 338 |
_avolume _bnc _2rdacarrier |
||
| 650 | 4 |
_aالمحاسبة الحكومية _945721 |
|
| 999 |
_aA19839 _c23407 _d23407 |
||